000 01300cam a22003737a 4500
003 CHAP
005 20220329134952.0
008 971013s1957 r 00010 d
010 _a28843
011 _a29815
035 _a33926
040 _cCHAP
090 _aTesis
100 0 0 _aLeal Guzmán, Manuel.
_965300
245 1 3 _aLa pudrición texana de la raíz y el problema que representa para la reforestación en el noroeste del país
260 _a(s.l.) :
_bEl autor,
_c1957
300 _a85 h.
_b: ilus.
502 _aTesis (Ing. Agr. Esp. en Bosques) -- ENA. Departamento de Bosques.
590 _aALEPH
_b10
_c20130110
_lUCH01
_h1250
590 _aBATCH-UPD
_b10
_c20130109
_lUCH01
_h2334
590 _aBATCH-UPD
_b10
_c20130110
_lUCH01
_h0208
590 _aBATCH-UPD
_b10
_c20130110
_lUCH01
_h1946
590 _aBATCH-UPD
_b10
_c20130409
_lUCH01
_h1901
590 _aBATCH-UPD
_b10
_c20130410
_lUCH01
_h1308
590 _aBATCH-UPD
_b10
_c20130914
_lUCH01
_h1716
590 _aCONVERSION
_b10
_c20130109
_lUCH01
_h1317
650 1 4 _aÁrboles
_xEnfermedades.
_982436
650 1 4 _aPhymatotrichum omnivorum.
_987888
650 1 4 _aPudrición texana de la raíz.
_992868
901 _aBK
942 _cFOLL
949 _bBC
_cTES
_d-78721
_eTS1
_i33926
_si
949 _bBC
_cTES
_d-78722
_eTS2
_fc.2
_i33926
_si
999 _c28843
_d28843